Slavné stavby Theodora Petříka
| Titel: | Slavné stavby Theodora Petříka / Martin Zubík |
|---|---|
| Verfasser: | |
| Ausgabe: | 1. vyd. v jazyce českém |
| Veröffentlicht: | Praha : Foibos Books, 2014 |
| Umfang: | 94 S. : zahlr. Ill., graph. Darst., Kt. |
| Format: | Buch |
| Sprache: | Tschechisch |
| Schriftenreihe/ mehrbändiges Werk: |
Slavné stavby |
| ISBN: | 8074147029 ; 8087073738 ; 9788074147029 ; 9788087073735 |
| Hinweise zum Inhalt: |
Inhaltsverzeichnis
|
alg: 34377000 001A $03004:21-07-14 001B $01999:09-06-23 $t21:50:57.000 001C $03004:18-11-14 $t16:08:17.000 001D $03004:18-11-14 001U $0utf8 001X $00 002@ $0Aau 003@ $0343770008 004A $080-7414-702-9 004A $080-87073-73-8 004A $A978-80-7414-702-9 004A $A978-80-87073-73-5 007A $0343770008 $aHEB 007G $0DE0204EAED80C7B08A0DFC1257D9C0030FC6B 009P $qapplication/pdf $A2 $3Inhaltsverzeichnis $uhttp://scans.hebis.de/HEBCGI/show.pl?34377000_toc.pdf $mV:DE-603;B:DE-Mb50 010@ $acze 011@ $a2014 $n2014 021A $aSlavné stavby Theodora Petříka $hMartin Zubík 028A $71052243266 $8Zubík, Martin$Z1983- [Tp3] $934121230X 032@ $a1. vyd. v jazyce českém 033A $pPraha $nFoibos Books 034D $a94 S. 034M $azahlr. Ill., graph. Darst., Kt. 036G $aSlavné stavby 037A $aZsfassung in engl. Sprache 041A $71052609333 $8Petřik, Theodor$Z1882-1941 [Tp1] $9341676012 045F $a709.4371 $eDDC23BSB 045F/01 $a709 045F/03 $g4371 045F/03 $g437 045G $a306.0943710904 $eDDC23BSB 045G/01 $a306.09 045G/03 $f0904 045G/03 $g4371 045G/03 $g437 lok: 34377000 24 101B $018-11-14 $t16:08:17.000 101C $018-11-14 101U $0utf8 145Z/01 $a23 9 D 145Z/02 $a22 9 D 145Z/03 $a23 15 R 145Z/04 $a22 15 R exp: 34377000 24 1 #EPN 201B/01 $018-11-14 $t16:08:17.000 201C/01 $021-07-14 201U/01 $0utf8 203@/01 $0734925999 208@/01 $a18-11-14 $bz 209A/01 $a14.07225 $du $f050 $h14 07225 $x00 209C/01 $a14.07225 K $h14 07225 K 209G/01 $a73055369 $x00 220C/01 $akon 244Z/01 $71052609333 $8--Tp1--Petřik, Theodor$Z1882-1941 $x01 $9341676012 247C/01 $8358050-7Marburg, Bibliothek des Herder-Instituts Marburg $9102600961
| LEADER | 00000cam a2200000 c 4500 | ||
|---|---|---|---|
| 001 | 343770008 | ||
| 003 | DE-603 | ||
| 005 | 20230609215057.0 | ||
| 007 | tu | ||
| 008 | 140721s2014 xx |||| | u00||u|cze c | ||
| 020 | |a 8074147029 | ||
| 020 | |a 8087073738 | ||
| 020 | |a 9788074147029 | ||
| 020 | |a 9788087073735 | ||
| 035 | |a (DE-599)HEB343770008 | ||
| 040 | |a DE-603 |b ger |c DE-603 |d DE-603 | ||
| 041 | |a cze | ||
| 082 | 0 | 4 | |8 1\u |a 709.4371 |q DE-101 |2 23/BSB |
| 083 | 0 | |8 2\u |a 306.0943710904 |q DE-101 |2 23/BSB | |
| 085 | |8 1\u |b 709 | ||
| 085 | |8 1\u |z 2 |s 4371 | ||
| 085 | |8 1\u |z 2 |s 437 | ||
| 085 | |8 2\u |b 306.09 | ||
| 085 | |8 2\u |z 1 |s 0904 | ||
| 085 | |8 2\u |z 2 |s 4371 | ||
| 085 | |8 2\u |z 2 |s 437 | ||
| 100 | 1 | |a Zubík, Martin |d 1983- |0 (DE-603)34121230X |0 (DE-588)1052243266 |2 gnd | |
| 245 | 0 | 0 | |a Slavné stavby Theodora Petříka |c Martin Zubík |
| 250 | |a 1. vyd. v jazyce českém | ||
| 264 | 1 | |a Praha |b Foibos Books |c 2014 | |
| 300 | |a 94 S. |b zahlr. Ill., graph. Darst., Kt. | ||
| 490 | 0 | |a Slavné stavby | |
| 500 | |a Zsfassung in engl. Sprache | ||
| 600 | 1 | 7 | |a Petřik, Theodor |d 1882-1941 |0 (DE-588)1052609333 |0 (DE-603)341676012 |2 gnd |
| 856 | 4 | 2 | |m V:DE-603;B:DE-Mb50 |q application/pdf |u http://scans.hebis.de/HEBCGI/show.pl?34377000_toc.pdf |3 Inhaltsverzeichnis |
| 924 | 0 | |9 Mb 50 |a (DE-603)734925999 |b DE-Mb50 |c HES |d c |g 14.07225 | |


